| Tag |
First Indicator |
Second Indicator |
Subfields |
| LEADER |
00000cam a2200000 a 4500 |
| 001 |
in00001404053 |
| 005 |
20151020054312.0 |
| 008 |
970423s1997 ncua br 001 0 eng |
| 010 |
|
|
|a 97018931
|
| 020 |
|
|
|a 0786402881 (casebound : alk. paper)
|
| 035 |
|
|
|a (OCoLC)36877423
|
| 035 |
|
|
|9 AHN1044AM
|
| 040 |
|
|
|a DLC
|c DLC
|d TXA
|d UtOrBLW
|
| 043 |
|
|
|a n-us-nc
|
| 049 |
|
|
|a TXAM
|
| 050 |
0 |
0 |
|a F262.Y19
|b C37 1997
|
| 082 |
0 |
0 |
|a 973.7/09756/66
|2 21
|
| 100 |
1 |
|
|a Casstevens, Frances Harding.
|
| 245 |
1 |
4 |
|a The Civil War and Yadkin County, North Carolina :
|b a history : with contemporary photographs and letters /
|c by Frances H. Casstevens.
|
| 264 |
|
1 |
|a Jefferson, N.C. :
|b McFarland,
|c [1997]
|
| 264 |
|
4 |
|c ©1997
|
| 300 |
|
|
|a vi, 298 pages :
|b illustrations ;
|c 26 cm.
|
| 336 |
|
|
|a text
|b txt
|2 rdacontent
|
| 337 |
|
|
|a unmediated
|b n
|2 rdamedia
|
| 338 |
|
|
|a volume
|b nc
|2 rdacarrier
|
| 500 |
|
|
|a "New evidence regarding home guard activity and the shootout at the Bond School house; a roster of militia officers; the names of Yadkin men at Appomattox; and 1200 Confederate Army and Navy service records with parents, vital dates, and place of burial for most."
|
| 504 |
|
|
|a Includes bibliographical references (pages 287-292) and index.
|
| 651 |
|
0 |
|a Yadkin County (N.C.)
|x History.
|
| 651 |
|
0 |
|a North Carolina
|x History
|y Civil War, 1861-1865.
|
| 650 |
|
0 |
|a Soldiers
|z North Carolina
|z Yadkin County
|x Registers.
|
| 650 |
|
0 |
|a Sailors
|z North Carolina
|z Yadkin County
|x Registers.
|
| 651 |
|
0 |
|a Yadkin County (N.C.)
|x Genealogy.
|
| 650 |
|
0 |
|a Registers of births, etc.
|z North Carolina
|z Yadkin County.
|
| 999 |
|
|
|a MARS
|
| 999 |
f |
f |
|s dfb5822b-2357-3b92-b73f-8256f99eafab
|i c8bae50b-ab6e-3f48-ac92-8798893e7ce9
|t 0
|
| 952 |
f |
f |
|p normal
|a Texas A&M University
|b College Station
|c Sterling C. Evans Library
|d Evans: Library Stacks
|t 0
|e F262.Y19 C37 1997
|h Library of Congress classification
|i unmediated -- volume
|m A14822132561
|
| 998 |
f |
f |
|a F262.Y19 C37 1997
|t 0
|l Evans: Library Stacks
|